Συμπόσιον Πατέρων : οι Αποστολικοί Πατέρες

Saved in:
Bibliographic Details
Main Author: Μπόνης, Κωνσταντίνος Γ.
Format: Book
Language:Greek
Published: Αθήνα : 1969
Subjects:
Tags: Add Tag
No Tags, Be the first to tag this record!

MARC

LEADER 00000cam a2200000 i 4500
001 1/103531
008 950516s1969 gr | ||| |||| ||gre||
035 |l 10012927 
040 |a GR-MY-UA  |b gre  |e aacr 
041 0 |a gre 
082 0 |a 262.5 
100 1 |a Μπόνης, Κωνσταντίνος Γ. 
245 1 0 |a Συμπόσιον Πατέρων :  |b οι Αποστολικοί Πατέρες /  |c Κωνσταντίνου Γ. Μπόνη 
260 |a Αθήνα :   |c 1969 
300 |a 247 σ. 
504 |a Ευρετήριο: σ.229-245 
650 0 0 |a Fathers of the church. 
650 0 0 |a Councils and synods. 
852 |a INST  |b LESVOS  |e 19950516  |h 262.5 ΜΠΟ  |p 005100000671  |q 005100000671  |t BK  |y 0 
909 |a Λ  |b 023087 
970 |z 2000/06/ΟΙΚΟΝΟΜΟΠΟΥΛΟΥ ΧΡΙΣΤΙΝΑ